00649nam a22001571i 4500001000700000003000900007005001700016008004100033245009700074260005500171300002100226490008100247700004500328830007700373852004100450181571ES-MaACL20250909175453.0130218s1851 sp |||| | spa d03aLa estrella caída b: novela / ctraducida del inglés por D. Nemesio Fernández Cuesta. aMadrid : b[s.n.], c1851 (fTip. Andrés Peña) a47 p. ; c24 cm.1 aObras Políticas, económicas y sociales de Don Nemesio Fernández Cuesta1 aFernández Cuesta, Nemesio, d1818-18930 aObras políticas, económicas y sociales de Nemesio Fernández Cuesta aES-MaACLjZ-1-F-12 xOlim: 1503-F-8